000 00315nam a22001337a 4500
008 170627b xxu||||| |||| 00| 0 eng d
020 _a9780072839234
041 _aeng
080 _29TH
_a32
100 _a21
101 _aSHP
245 _aINTERNATIONAL POLITICS ON THE WORLD STAGE
_cROURKE,J.T
942 _2udc
_cBK
999 _c19155
_d19155